[Event "Kalamazoo op1"]
[Site "Kalamazoo"]
[Date "2003.09.01"]
[Round "7.6"]
[White "Beshore, Brad"]
[Black "Cendrowski, Chris D"]
[Result "1-0"]
[WhiteElo "1654"]
[BlackElo "1482"]
[PlyCount "63"]
[EventDate "2003.08.29"]
[EventType "swiss"]
[EventRounds "7"]
[EventCountry "USA"]
[SourceTitle "EXT 2007"]
[Source "ChessBase"]
[SourceDate "2006.11.23"]
[SourceVersion "1"]
[SourceVersionDate "2006.11.23"]
[SourceQuality "1"]

1. Nf3 d5 2. c4 c6 3. g3 Nf6 4. Bg2 Bg4 5. 0-0 Bxf3 6. Bxf3 dxc4 7. Na3 e6 8. Nxc4 Nbd7 9. b3 Be7 10. Bb2 0-0 11. d4 Qc7 12. e4 Rad8 13. Qc2 Rfe8 14. Rad1 Nb6 15. Rfe1 Nfd7 16. Ne3 e5 17. Nd5 Nxd5 18. exd5 Rc8 19. dxc6 exd4 20. Bxd4 b6 21. Bxg7 Nb8 22. Bh6 Nxc6 23. Be4 Red8 24. Bxh7+ Kh8 25. Qb2+ f6 26. Rxd8+ Qxd8 27. Bf5 Rc7 28. Bf4 Bd6 29. Bxd6 Qxd6 30. Qe2 Nd4 31. Qh5+ Kg8 32. Re8+ 1-0

[Event "Kalamazoo op1"]
[Site "Kalamazoo"]
[Date "2003.08.31"]
[Round "3.44"]
[White "Jones, Avery"]
[Black "Beshore, Brad"]
[Result "0-1"]
[WhiteElo "1629"]
[BlackElo "1654"]
[PlyCount "51"]
[EventDate "2003.08.29"]
[EventType "swiss"]
[EventRounds "7"]
[EventCountry "USA"]
[SourceTitle "EXT 2007"]
[Source "ChessBase"]
[SourceDate "2006.11.23"]
[SourceVersion "1"]
[SourceVersionDate "2006.11.23"]
[SourceQuality "1"]

1. d4 g6 2. Nf3 Bg7 3. e3 d5 4. Bd3 Nf6 5. Nbd2 0-0 6. 0-0 Nbd7 7. c3 e5 8. dxe5 Ng4 9. e4 Ndxe5 10. Nxe5 Nxe5 11. Qc2 c6 12. exd5 cxd5 13. Be2 Bf5 14. Qb3 Qc7 15. Nf3 Nxf3+ 16. Bxf3 Be4 17. Bxe4 dxe4 18. Be3 Kh8 19. Rad1 b6 20. Rd5 Rad8 21. Rfd1 Rxd5 22. Rxd5 Rd8 23. h3 f5 24. Bf4 Qe7 25. Rxd8+ Qxd8 26. Qa4 0-1

[Event "Lansing op"]
[Site "Lansing"]
[Date "2002.09.02"]
[Round "6"]
[White "Beshore, Brad"]
[Black "Schell, Kenneth"]
[Result "1-0"]
[WhiteElo "1748"]
[BlackElo "1500"]
[PlyCount "31"]
[EventDate "2002.08.30"]
[EventType "swiss"]
[EventRounds "7"]
[EventCountry "USA"]
[SourceTitle "EXT 2007"]
[Source "ChessBase"]
[SourceDate "2006.11.23"]
[SourceVersion "1"]
[SourceVersionDate "2006.11.23"]
[SourceQuality "1"]

1. g3 d5 2. Bg2 Nf6 3. d4 g6 4. Nf3 Bg7 5. 0-0 0-0 6. Bg5 h6 7. Bxf6 Bxf6 8. c4 c6 9. h3 Qb6 10. Qd2 Bg7 11. cxd5 cxd5 12. Nc3 Bd7 13. Nxd5 Qd6 14. Nc3 Nc6 15. Rad1 Bf5 16. e4 1-0